000 00414nam a2200145Ia 4500
008 231129s2001||||xx |||||||||||||| ||spa||
020 _a970-10-3393-0
040 _bspa
082 _a657.4 R173c
100 _aRamí­rez Padilla David Noel
245 0 _aContabilidad administrativa
260 _c2001
264 _aMéxico Colombia Bogotá: McGraw-Hill
942 _2ddc
_cBKS
999 _c7995
_d7995